Teaching boys and girls in Michigan; (Record no. 21953)
[ view plain ]
| 000 -LEADER | |
|---|---|
| fixed length control field | 01053cam a22002771 4500 |
| 001 - CONTROL NUMBER | |
| control field | e 44000011 |
| 003 - CONTROL NUMBER IDENTIFIER | |
| control field | DLC |
| 005 - DATE AND TIME OF LATEST TRANSACTION | |
| control field | 20260227111232.0 |
| 008 - FIXED-LENGTH DATA ELEMENTS--GENERAL INFORMATION | |
| fixed length control field | 810709s1943 miuk s000 0 eng c |
| 010 ## - LIBRARY OF CONGRESS CONTROL NUMBER | |
| LC control number | e 44000011 |
| 035 ## - SYSTEM CONTROL NUMBER | |
| System control number | (OCoLC)7567203 |
| 040 ## - CATALOGING SOURCE | |
| Original cataloging agency | U.S. Off. of educ. Library |
| Transcribing agency | MiMarqN |
| Modifying agency | MiMarqN |
| -- | DLC |
| 042 ## - AUTHENTICATION CODE | |
| Authentication code | premarc |
| 043 ## - GEOGRAPHIC AREA CODE | |
| Geographic area code | n-us-mi |
| 050 00 - LIBRARY OF CONGRESS CALL NUMBER | |
| Classification number | L162 |
| Item number | .B3 no. 327 |
| 082 ## - DEWEY DECIMAL CLASSIFICATION NUMBER | |
| Classification number | 372 |
| -- | 370.61774 |
| 110 1# - MAIN ENTRY--CORPORATE NAME | |
| Corporate name or jurisdiction name as entry element | Michigan. |
| Subordinate unit | Department of Public Instruction. |
| 245 10 - TITLE STATEMENT | |
| Title | Teaching boys and girls in Michigan; |
| Remainder of title | a handbook for the teacher in the elementary school ... |
| Statement of responsibility, etc. | Published by Eugene B. Elliott, Superintendent of Public Instruction. |
| 260 ## - PUBLICATION, DISTRIBUTION, ETC. | |
| Place of publication, distribution, etc. | Lansing, Mich., |
| Date of publication, distribution, etc. | 1943. |
| 300 ## - PHYSICAL DESCRIPTION | |
| Extent | 158 p. |
| Other physical details | incl. forms. |
| Dimensions | 23 cm. |
| 490 1# - SERIES STATEMENT | |
| Series statement | Its Bulletin |
| Volume/sequential designation | no. 327 |
| 500 ## - GENERAL NOTE | |
| General note | Based on Bulletin no. 301, Instructional guide for elementary schools, issued in 1936. cf. Foreword. |
| 650 #0 - SUBJECT ADDED ENTRY--TOPICAL TERM | |
| Topical term or geographic name entry element | Teaching. |
| 650 #0 - SUBJECT ADDED ENTRY--TOPICAL TERM | |
| Topical term or geographic name entry element | Education |
| Geographic subdivision | Michigan |
| General subdivision | Curricula. |
| 830 #0 - SERIES ADDED ENTRY--UNIFORM TITLE | |
| Uniform title | Bulletin (Michigan Department of Public Instruction) ; |
| Volume/sequential designation | no. 327. |
No items available.